000 00631nam a2200253Ia 4500
005 20250425161940.0
008 250425s9999 xx 000 0 und d
020 _a8420005592
041 _aspa
082 _a664.8
100 _aKAY, DAISY E.
245 0 _aLEGUMBRES ALIMENTICIAS
250 _a1A ED.
260 _aEspaña
_bACRIBIA
_c1985
260 _aZARAGOZA
300 _a237
500 _aCONSULTAR inv.27657, 27828 EN BIBTEC
500 _aTítulo Traducido: FOOD LEGUMES
650 _aHORTALIZAS
650 _aHORTALIZAS LEGUMINOSAS
650 _aLEGUMINOSAS DE GRANO
942 _c01
010 _a36372
999 _c219439
_d219439